| 000 | 00462nam a2200169Ia 4500 | ||
|---|---|---|---|
| 008 | 230718s9999 xx 000 0 und d | ||
| 041 | _aeng | ||
| 082 |
_a523.1 _bNAR |
||
| 100 |
_aNarlikar J.V. _9121113 |
||
| 245 | _aIntroduction To Cosmology | ||
| 250 | _a3rd Ed. | ||
| 260 |
_c2010 _bCambridge University Press |
||
| 300 | _a541 | ||
| 365 |
_cRs. _b495.00 |
||
| 700 |
_aNarlikar J.V. _9121113 |
||
| 906 |
_dO:0136510-Dec-2010B:630622-Nov-2010 _cCOMP _b123.75 |
||
| 999 |
_c326580 _d326580 |
||